Council for British Archaeology (Record no. 120398)

MARC details
000 -LEADER
fixed length control field 00942cam a2200217 4500
001 - CONTROL NUMBER
control field WS124812
008 - FIXED-LENGTH DATA ELEMENTS--GENERAL INFORMATION
fixed length control field 040109n 000 0 eng u
035 ## - SYSTEM CONTROL NUMBER
System control number (Sirsi) u124812
110 ## - MAIN ENTRY--CORPORATE NAME
Corporate name or jurisdiction name as entry element Council for British Archaeology
9 (RLIN) 1099
245 ## - TITLE STATEMENT
Title Council for British Archaeology
520 ## - SUMMARY, ETC.
Summary, etc. Web site for this organisation which promotes knowledge, appreciation and care of the historic environment. Includes details of the e-journal 'Internet Archaeology', page son their conservation work, factsheets on archaeology and a link to the Council for Scottish Archaeology.
650 ## - SUBJECT ADDED ENTRY--TOPICAL TERM
Topical term or geographic name entry element ORGANISATION
650 ## - SUBJECT ADDED ENTRY--TOPICAL TERM
Topical term or geographic name entry element SCOTLAND
650 ## - SUBJECT ADDED ENTRY--TOPICAL TERM
Topical term or geographic name entry element ARCHAEOLOGY
650 ## - SUBJECT ADDED ENTRY--TOPICAL TERM
Topical term or geographic name entry element CONSERVATION
650 ## - SUBJECT ADDED ENTRY--TOPICAL TERM
Topical term or geographic name entry element HISTORIC ENVIRONMENT
650 ## - SUBJECT ADDED ENTRY--TOPICAL TERM
Topical term or geographic name entry element JOURNALS
690 ## - LOCAL SUBJECT ADDED ENTRY--TOPICAL TERM (OCLC, RLIN)
Topical term or geographic name as entry element BUILT ENVIRONMENT-BUILDING MAINTENANCE AND REFURBISHMENT-BUILDING CONSERVATION
856 40 - ELECTRONIC LOCATION AND ACCESS
Uniform Resource Identifier <a href="https://www.britarch.ac.uk">https://www.britarch.ac.uk</a>
Public note View the website free of charge at www.britarch.ac.uk...
942 ## - ADDED ENTRY ELEMENTS (KOHA)
Suppress in OPAC 0
Holdings
Withdrawn status Lost status Source of classification or shelving scheme Damaged status Not for loan Home library Current library Shelving location Date acquired Total Checkouts Full call number Barcode Date last seen Copy number Price effective from Koha item type
    Dewey Decimal Classification     Virtual Virtual Online 09/01/2004   WEB SITE 124812-1001 06/08/2019 1 06/08/2019 Online material